Normal view
MARC view
- PC ARSALAN JAVED GC RAAZ KHAN NC ARSAL SANA NC DANIYAL AZFAR
Entry Personal Name
001 - CONTROL NUMBER
- control field: 97538
003 - CONTROL NUMBER IDENTIFIER
- control field: NUST
005 - DATE AND TIME OF LATEST TRANSACTION
- control field: 20220817094745.0
008 - FIXED-LENGTH DATA ELEMENTS
- fixed length control field: 220817|| aca||aabn | a|a d
040 ## - CATALOGING SOURCE
- Original cataloging agency: NUST
- Transcribing agency: NUST
100 ## - HEADING--PERSONAL NAME
- Personal name: PC ARSALAN JAVED GC RAAZ KHAN NC ARSAL SANA NC DANIYAL AZFAR
670 ## - SOURCE DATA FOUND
- Source citation: Work cat.: (NUST): PC ARSALAN JAVED GC RAAZ KHAN NC ARSAL SANA NC DANIYAL AZFAR, PR-SOF-2110-Anti-state Comment Detection on Social Media using Natural Language Processing, 2022.
